000 01328nam a22002537a 4500
999 _c3713
_d3713
003 AR-CdUCM
008 190307b ||||| |||| 00| 0 spa d
040 _aMUNICIPALIDAD PROVINCIAL DEL CUSCO
_cBIBLIOTECA MUNICIPAL DEL CUSCO
082 _a390.463 /
_bP21
100 _aPalomino Valdivia, Claudia
_912030
245 _aCriándonos entre plantas y hombres :
_bsaberes agrícolas de Chinchaypucyo (Anta-Cusco) /
260 _aLima :
_bMunicipalidad Distrital de Chinchaypujio,
_c2016
300 _a348 páginas ;
_bilustraciones, mapas,
_c24 cm.
500 _a"Municipalidad Distrital de Chinchaypujio (gestión 2011-2014)"--Cubierta. Este libro es producto del proyecto: Criándonos entre plantas y hombres : recuperación y transmisión de los saberes agrícolas y medicinales como parte del patrimonio cultural inmaterial del Distrito de Chinchaypujio. Ejecutado por el Área de Cultura de la Municipalidad Distrital de Chinchaypujio, gestión 2011-2014"--Reverso de la port
650 _aVida y costumbres sociales
_9857
650 _aAspectos Sociales
_9262
650 _aCosmología indígena
_910835
650 _aFolclore
_93233
650 _aAgricultura tradicional
_912031
700 _aOjeda Escalante, Roberto
_91298
710 _aMunicipalidad de Chinchaypujio
_912032
942 _2ddc
_cLIBROS
945 _araen